000 00651nam a2200229Ia 4500
003 OSt
005 20230616105800.0
008 210423s2014 xx 000 0 und d
020 _a978-1-119-94294-8
040 _cAL
041 _aeng
082 _a541.0421 WESS
100 _aWEST (Anthony R)
_9105554
245 _aSolid state chemistry and its applications Ed 2
260 _aNew Delhi
_bWiley and Sons
_c2014
300 _a734
_bPB
365 _b709
_cINR
650 _aChemistry
_9105555
650 _aPhysical & Theoretical Chemistry
_9105556
906 _aapplications ; chemistry ; chemistry: ; its ; Solid ; state
942 _2ddc
_cBK
999 _c166402
_d166402